Visible learning: (Record no. 19509)

MARC details
000 -LEADER
fixed length control field 00633nam a22001817a 4500
008 - FIXED-LENGTH DATA ELEMENTS--GENERAL INFORMATION
fixed length control field 220920b |||||||| |||| 00| 0 eng d
020 ## - INTERNATIONAL STANDARD BOOK NUMBER
International Standard Book Number 0415476171
050 ## - LIBRARY OF CONGRESS CALL NUMBER
Classification number LB1060
Item number .H38 2009 C.1
100 ## - MAIN ENTRY--PERSONAL NAME
Personal name Hattie, John A. C.
245 ## - TITLE STATEMENT
Title Visible learning:
Remainder of title A synthesis of over 800 meta-analyses relating to achievement/
Statement of responsibility, etc. John A. C. Hattie
260 ## - PUBLICATION, DISTRIBUTION, ETC. (IMPRINT)
Place of publication, distribution, etc. London
Name of publisher, distributor, etc. Routledge
Date of publication, distribution, etc. 2009
300 ## - PHYSICAL DESCRIPTION
Extent ix, 378p.
Other physical details ill.
650 ## - SUBJECT ADDED ENTRY--TOPICAL TERM
Topical term or geographic name as entry element Learning
Form subdivision Longitudinal studies
650 ## - SUBJECT ADDED ENTRY--TOPICAL TERM
Topical term or geographic name as entry element Teaching
Form subdivision Longitudinal studies
650 ## - SUBJECT ADDED ENTRY--TOPICAL TERM
Topical term or geographic name as entry element Effective teaching
Form subdivision Longitudinal studies
650 ## - SUBJECT ADDED ENTRY--TOPICAL TERM
Topical term or geographic name as entry element Teacher effectiveness
Form subdivision Longitudinal studies
942 ## - ADDED ENTRY ELEMENTS (KOHA)
Source of classification or shelving scheme Library of Congress Classification
Koha item type General Collection
Holdings
Withdrawn status Lost status Source of classification or shelving scheme Not for loan Home library Current library Date acquired Cost, normal purchase price Inventory number Total Checkouts Full call number Barcode Date last seen Copy number Price effective from Koha item type
    Library of Congress Classification   Kabarak, Main Campus Kabarak, Main Campus 20/09/2022 17592.00 0981/2022   LB1060 .H38 2009 C.1 032536 20/09/2022 C.1 20/09/2022 General Collection
    Library of Congress Classification   Kabarak, Main Campus Kabarak, Main Campus 20/09/2022 17592.00     LB1060 .H38 2009 C.2 032326 28/10/2022 C.2 20/09/2022 General Collection
Designed with assistance from East African Informatics Ltd